• 首页
  • 本馆介绍
  • 公告通知
  • 最新文献
  • 馆藏检索
  • 电子资源
  • 读者导购
  • 参考咨询
  • 我的图书馆
  • 登录
  • 详细信息显示
  • 放入我的书架
  • 预约/预借图书
  • 作者相关作品
  • 分类相关作品
  • 丛书相关作品
  • 出版社相关作品

书目信息

  • 表格格式
  • 工作单格式
  • 卡片格式
题名:
中国领先一把
    
 
作者: 李河君 著
分册:  
出版信息: 北京   中信出版社  2014
页数: 18,365页
开本: 23cm
丛书名:
单 册:
中图分类: F120.3
科图分类:
主题词: 中国经济--经济发展模式--研究 , 中国经济 , 经济发展模式
电子资源:
ISBN: 978-7-5086-4244-4
000 01259nam0 2200277 450
001 523
005 20140908151605.90
010    @a978-7-5086-4244-4@b精装@dCNY79.00
100    @a20140110d2014 em y0chiy50 ea
101 0  @achi
102    @aCN@b110000
105    @aa z 000yy
106    @ar
200 1  @a中国领先一把@AZhong Guo Ling Xian Yi Ba@e第三次工业革命在中国@EDi San Ci Gong Ye Ge Ming Zai Zhong Guo@dNew energy revolution@ethe power to change China and the world@f李河君著@FLi He Jun Zhu@zeng
210    @a北京@c中信出版社@d2014
215    @a18,365页@c彩图@d23cm
330    @a本书概述了全球新能源革命的趋势,总结了欧美等国家在这方面的经验教训,结合改革开放三十年“中国制造”得与失,以及光伏企业曲折发展的历史,从理论和实践、观念和思维、经济和社会、产业和企业、当前和未来等角度,全面的论述了中国在这一轮工业革命中应采取的战略、策略、政策和措施。
510 1  @aNew energy revolution@ethe power to change China and the world@zeng
517 1  @a第三次工业革命在中国@ADi San Ci Gong Ye Ge Ming Zai Zhong Guo
606 0  @a中国经济@x经济发展模式@x研究
606 0  @a中国经济
606 0  @a经济发展模式
690    @aF120.3@v5
701  0 @a李河君@ALi He Jun@f(1967~)@4著
801  0 @aCN@bTANGWEI@c20140603
905    @b0842345-47@dF120.3@e236@f3
    
    中国领先一把:第三次工业革命在中国=New energy revolution:the power to change China and the world/李河君著.-北京:中信出版社,2014
    18,365页:彩图;23cm
    
    
    ISBN 978-7-5086-4244-4(精装):CNY79.00
    本书概述了全球新能源革命的趋势,总结了欧美等国家在这方面的经验教训,结合改革开放三十年“中国制造”得与失,以及光伏企业曲折发展的历史,从理论和实践、观念和思维、经济和社会、产业和企业、当前和未来等角度,全面的论述了中国在这一轮工业革命中应采取的战略、策略、政策和措施。
●
相关链接 在E读中查询图书 在五车中查询图书 在当当中查询图书 在豆瓣中查询图书


正题名:中国领先一把     索取号:F120.3/236         预约/预借

序号 登录号 条形码 馆藏地/架位号 状态 备注
1 0842345   208423455   第一样本阅览室/ [索取号:F120.3/236] 在馆    
2 0842346   208423464   第一借阅区/ [索取号:F120.3/236] 在馆    
3 0842347   208423473   密集书库-海洋学院/ [索取号:F120.3/236] 在馆    
唐山师范学院图书馆 欢迎您!
大连网信软件有限公司© 版权所有